000 00382 a2200157 4500
001 159324
020 _a
040 _cMagnum
100 _aNewson, Lelsey
240 1 0 _aMinha primeira enciclopedia - como tudo funciona
_lpor
245 1 0 _aMinha primeira enciclopedia - como tudo funciona
362 0 _a1899
440 1 _aFTD
697 _aMAGNITO: ENCICLOPEDIAS
942 _cBK
999 _c159324
_d159324